000 00538nam a2200181Ia 4500
005 20250508151649.0
008 008 250505s9999 xx 000 0 eng d
037 _aTextual
040 _aFEDL
_beng
_cFEDL
041 _aeng
_2eng
084 _a570.7, JOH
_qFEDL
100 _aJohnson John C
_9759708
245 0 _aEducational biology: The contributions of biology to education
260 _aNew York, USA
_bThe Macmillan Company
_c1930
300 _axx,360p.
942 _cTEXL
_h570.7, JOH
999 _c1331249
_d1331249